Young Martin Luther King, Jr. : (Record no. 1650)

MARC details
000 -LEADER
fixed length control field 01241pam a2200325 a 4500
005 - DATE AND TIME OF LATEST TRANSACTION
control field 20231123102016.0
020 ## - INTERNATIONAL STANDARD BOOK NUMBER
International Standard Book Number 9780439792387
040 ## - CATALOGING SOURCE
Original cataloging agency DLC
Transcribing agency DLC
Modifying agency DLC
Language of cataloging eng
050 00 - LIBRARY OF CONGRESS CALL NUMBER
Classification number E185.97.K5
Item number M346 1992
082 00 - DEWEY DECIMAL CLASSIFICATION NUMBER
Classification number 323.092
-- B
Edition number 20
100 1# - MAIN ENTRY--PERSONAL NAME
Personal name Mattern, Joanne
Dates associated with a name 1963-
245 10 - TITLE STATEMENT
Title Young Martin Luther King, Jr. :
Remainder of title "I have a dream" /
Statement of responsibility, etc. by Joanne Mattern ; illustrated by Allan Eitzen.
250 ## - EDITION STATEMENT
Edition statement First Scholastic printing, January 2006
260 ## - PUBLICATION, DISTRIBUTION, ETC.
Place of publication, distribution, etc. New York :
Name of publisher, distributor, etc. Scholastic,
Date of publication, distribution, etc. 1992
300 ## - PHYSICAL DESCRIPTION
Extent 31 pages :
Other physical details color illustrations :
Dimensions 24 cm
490 ## - SERIES STATEMENT
Series statement First-Start Biography
505 ## - FORMATTED CONTENTS NOTE
Formatted contents note O <br/>
520 ## - SUMMARY, ETC.
Summary, etc. A simple biography of a great black leader emphasizing his dream of equal treatment for all Americans.
521 ## - TARGET AUDIENCE NOTE
Target audience note 600 <br/>
Source Lexile <br/>
521 ## - TARGET AUDIENCE NOTE
Target audience note O <br/>
Source Raz-Plus <br/>
650 #0 - SUBJECT ADDED ENTRY--TOPICAL TERM
Topical term or geographic name entry element African Americans
Form subdivision Biography
-- Juvenile literature.
650 #0 - SUBJECT ADDED ENTRY--TOPICAL TERM
Topical term or geographic name entry element Civil rights workers
Geographic subdivision United States
Form subdivision Biography
-- Juvenile literature.
650 #0 - SUBJECT ADDED ENTRY--TOPICAL TERM
Topical term or geographic name entry element Baptists
Geographic subdivision United States
General subdivision Clergy
Form subdivision Biography
-- Juvenile literature.
650 #1 - SUBJECT ADDED ENTRY--TOPICAL TERM
Topical term or geographic name entry element African Americans
Form subdivision Biography.
650 #1 - SUBJECT ADDED ENTRY--TOPICAL TERM
Topical term or geographic name entry element Civil rights workers.
700 1# - ADDED ENTRY--PERSONAL NAME
Personal name Eitzen, Allan
Relator term illustrator
906 ## - LOCAL DATA ELEMENT F, LDF (RLIN)
a 7
b cbc
c orignew
d 1
e ocip
f 19
g y-gencatlg
942 ## - ADDED ENTRY ELEMENTS (KOHA)
Source of classification or shelving scheme Dewey Decimal Classification
Koha item type Books
Suppress in OPAC No
999 ## -
-- 1650
-- 1650
Holdings
Withdrawn status Lost status Source of classification or shelving scheme Damaged status Not for loan Collection Home library Current library Shelving location Date acquired Total Checkouts Full call number Barcode Date last seen Date last checked out Copy number Price effective from Koha item type
    Dewey Decimal Classification     Non-Fiction Footprints International School Library Network Toul Kork Campus Footprints International School Library Network Toul Kork Campus   09/13/2023 4 BAU 323.092 E185.K5 FISBK04322 04/10/2025 02/27/2024 1 09/13/2023 Books
    Dewey Decimal Classification     Non-Fiction Footprints International School Library Network Toul Kork Campus Footprints International School Library Network Toul Kork Campus   09/13/2023 5 BAU 323.092 E185.K5 FISBK04320 04/08/2024 03/26/2024 2 09/13/2023 Books